00471nam a22001577a 450000500170000001000150001702000250003203500140005703700130007108200080008410000170009224500530010926000360016227000950019830000200029320191121142257.0 aENG-126960 a9789383657537c30.00 aEN-110492 bDBAD/PUB a101 aNielsen, Kai aPhilosophy as critical theory / cby Kai Nielsen aNew DelhibCritical Questc2019 a420, G/Block, Phase VI , Aya NagarbNew Delhie110047k9910036543mcriticalquest@gmail.com a31p.c21cm(pbk)